Central Library OPAC University of Rajshahi

Georges Sorel: prophet without honor : (Record no. 30791)

MARC details
000 -LEADER
fixed length control field 00832nam a2200265 4500
001 - CONTROL NUMBER
control field 30791
003 - CONTROL NUMBER IDENTIFIER
rucl marc code BD-RjUL
005 - DATE AND TIME OF LATEST TRANSACTION
control field 20211209051622.0
008 - FIXED-LENGTH DATA ELEMENTS--GENERAL INFORMATION
fixed length control field 140412s1951 nyu b 001 0beng d
020 ## - INTERNATIONAL STANDARD BOOK NUMBER
International Standard Book Number 0374940371
035 ## - SYSTEM CONTROL NUMBER
System control number (BD-RjUL) 30878
040 ## - CATALOGING SOURCE
Original cataloging agency DLC
Transcribing agency DLC
Modifying agency DLC
-- BD-RjUL
Language of cataloging eng
041 ## - LANGUAGE CODE
Language code of text/sound track or separate title eng
082 00 - DEWEY DECIMAL CLASSIFICATION NUMBER
Classification number 301.0924
Author mark and year HUG 1951
100 1# - MAIN ENTRY--PERSONAL NAME
Personal name Humphrey, Richard D.
9 (RLIN) 93555
245 00 - TITLE STATEMENT
Title Georges Sorel: prophet without honor :
Remainder of title a study in anti-intellectualism /
Statement of responsibility, etc. by Richard Humphrey.
260 ## - PUBLICATION, DISTRIBUTION, ETC. (IMPRINT)
Place of publication, distribution, etc. New York :
Name of publisher, distributor, etc. Octagon Books,
Date of publication, distribution, etc. c1951.
300 ## - PHYSICAL DESCRIPTION
Pagination 244 p. ;
Size 23 cm.
504 ## - BIBLIOGRAPHY, ETC. NOTE
Bibliography, etc Includes bibliographical references. and Index
600 10 - SUBJECT ADDED ENTRY--PERSONAL NAME
Personal name Sorel, Georges,
Dates associated with a name 1847-1922.
942 ## - ADDED ENTRY ELEMENTS (KOHA)
Source of classification or shelving scheme Dewey Decimal Classification
Koha item type Books
Holdings
Lost status Source of classification or shelving scheme Damaged status Not for loan Collection code Permanent Location Current Location Shelving location Date acquired Source of acquisition Cost, normal purchase price Total Checkouts Full call number Date last seen Copy number Koha item type
  Dewey Decimal Classification   Not For Loan Non-fiction Central Library, University of Rajshahi Central Library, University of Rajshahi Reading Room 02/02/1956 A. B. C. 26.00   301.0924 HUG 1951 12/04/2014 C-1 Books